00277nam a22000857a 4500008004100000022001400041040005500055245003700110260004400147230814b |||||||| |||| 00| 0 eng d a1006-9313 aNational Science LibrarycNational Science Library aScience in China earth sciences  aChina: bGordon and Breach Publishers,